Загрузка...

Managing by communication: An organiational approach

Библиографические подробности
Главный автор: Myers, Michele Tolela and Myers, Gail E
Формат: Printed Book
Опубликовано: Mcgraw Hill Book Co., New Delhi 1982
Предметы:
LEADER 00551nam a2200157 4500
082 |a 658.45 MYE-M 
100 |a Myers, Michele Tolela and Myers, Gail E 
245 |a Managing by communication: An organiational approach  |c Myers, Michele Tolela and Myers, Gail E 
250
260 |a Mcgraw Hill Book Co., New Delhi  |c 1982 
300 |a 485 p 
490
650 |a Communication in management 
942 |c BK 
999 |c 124118  |d 124118 
952 |0 0  |1 0  |4 0  |6 658_450000000000000_MYEM  |7 0  |9 137580  |a COM  |b COM  |l 0  |o 658.45 MYE-M  |p COM00210  |r 2019-10-24  |w 2019-10-24  |y BK